01033nam a2200289 u 450000100070000000500170000700800410002403500110006504000130007604100080008908000070009710000480010424501470015226000210029930000190032065000260033965000180036565000320038365000230041565000270043865000190046570000370048470000380052170000450055970000490060450000900065365353720260506090307.0010322s2001 ||||||m| spa  a653537 ccomduadb aspa aWC10aGuacaneme Valbuena, Marcia Greicy4auteaut10aComportamiento epidemiologico de la toxoplasmosis en las gestantes usuarias del Hospital Pablo VI Bosa I Nivel Empresa Social del Estado, 1999 aBogotá,c2001. a100p. + Anexos 7aEpidemiología2lemb aToxoplasmosis 7aSistema inmunológico2dcs 7aDiagnóstico2dcs aPrevención y control 7aEmbarazo2lemb10aSuarez Pico, Esperanza4auteaut10aMeneses Buitrago, Nancy4auteaut10aPrieto Vanegas, Claudia Helena4auteaut10aOsorio Saldarriaga, Elkin de Jesus4thseths aTesis (Especialista en Epidemiologia) Universidad de Antioquia - Título de la tesis